000 00866nam a2200265Ia 4500
003 OSt
005 20220923224832.0
006 a|||||r|||| 00| 0
007 ta
008 220922b |||||||| |||| 00| 0 hin d
024 _a251,844
037 _cTextual
040 _aARTS
_cARTS
_bhin
041 _2hin
_ahin
082 _aO152,2:g, J1;K4.1
100 _aचतुर्वेदी, सीमाराम
245 0 _aअभिनव नाट्यशास्त्र
246 _aAbhinav nāṭyashāstra
260 _aइलाहाबाद
_b किताब महल
_c1964
300 _a657पृ.
_ccm.
490 _vखण्ड 1
650 _aहिन्दी साहित्य
_9156264
942 _hO152,2:g, J1;K4.1
_cTEXL
_2CC
999 _c374002
_d374002